000 00320 a2200157 4500
001 61412
020 _a9788576762478
040 _cAnchieta - Pituba
100 _aStine, R. L.
240 1 0 _aGoosebumps
_lpor
245 1 0 _aGoosebumps
300 _a112
362 0 _a2007
650 4 _aLiteratura juvenil
942 _cBK
999 _c61412
_d61412